LEADER 01055nam--2200325---450- 001 990001074570203316 005 20020531132426.0 010 $a0-07-001685-2 035 $a000107457 035 $aUSA01000107457 035 $a(ALEPH)000107457USA01 035 $a000107457 100 $a20020503d1995----km|y0engy0103----ba 200 1 $aComputational fluid dynamics$ethe basics with applications$fJohn D. Anderson 210 $aNew-York [etc.]$cMcGraw-Hill$dcopyr. 1995 215 $aXXIV, 547 p.$cill.$d24 cm 606 $aFluidi$xDinamica$xElaborazione dei dati 676 $a532.05015118 700 1$aANDERSON,$bJohn David$012298 801 0$aIT$bsalbc$GISBD 912 $a990001074570203316 951 $a532.050 151 18 AND$b16777 Ing.$c532$d00081816 959 $aBK 969 $aTEC 979 $aSTELLA$b10$c20020503$lUSA01$h1237 979 $aJOHNNY$b90$c20020531$lUSA01$h1321 979 $aJOHNNY$b90$c20020531$lUSA01$h1324 979 $aPATRY$b90$c20040406$lUSA01$h1714 996 $aComputational fluid dynamics$9104826 997 $aUNISA LEADER 00997nam a2200277 i 4500 001 991003417479707536 005 20021217150837.0 008 961025s1988 us a b 001 0 eng d 020 $a0881673943 035 $ab11804750-39ule_inst 035 $aLE00300034$9ExL 040 $aDip.to Biologia$beng 082 0 $a616.079$222 245 00$aAdvances in immunohistochemistry /$ceditor Ronald A. De Lellis 260 3 $aNew York :$bRaven Press,$cc1988 300 $ax, 496 p. :$bill. (some col.) ;$c27 cm 500 $aIncludes bibliographies and index 650 4$aImmunohistochemistry 650 4$aNeoplasms$xDiagnosis 700 1 $aDe Lellis, Ronald A. 907 $a.b11804750$b30-01-07$c18-12-02 912 $a991003417479707536 945 $aLE003 616.079 DEL01.01 (1988)$g1$i2003000006537$lle003$o-$pE0.00$q-$rl$s- $t0$u1$v0$w1$x0$y.i12052930$z18-12-02 996 $aAdvances in immunohistochemistry$9907437 997 $aUNISALENTO 998 $ale003$b01-01-96$cm$da $e-$feng$gus $h0$i1